Warrior cats sudden death - Statistics

General Stats
  • This quiz has been taken 93 times
  • The average score is 3 of 14
Answers on the Grid
Answers color-coded by a green-red scale on the quiz's grid according to % correct below.
Gullswoop
Hickorynose
Oakclaw
Flypaw
Suncloud
Blackwhisker
Rockstone
Swiftflight
Poppyfrost
Lilyleaf
Oliveseed
Elvis
Scooby
Star falling from sky
Melting ice
Sweetheart
Sol
Peaktail
Nightspeckle
Silkypod
Foxpelt
Darkbelly
Silvermask
Gremlin
Wishkit
Yellowstone
Cheddar
Houndtail
Ryenose
Nutwhisker
 
Answer Stats
Answer % Correct
Gullswoop
55%
Poppyfrost
55%
Sol
50%
Hickorynose
39%
Gremlin
24%
Nutwhisker
21%
Cheddar
18%
Wishkit
18%
Melting ice
16%
Silvermask
11%
Swiftflight
11%
Silkypod
8%
Peaktail
5%
Scooby
5%
No matching quizzes found
Score Distribution
Percent of People with Each Score
Percentile by Number Answered
Your Score History
You have not taken this quiz